Văn hóa các dân tộc ít người ở Việt Nam

Sách giới thiệu sơ lược về lịch sử tộc người, các biểu hiện chủ yếu trong văn hóa vật chất, tinh thần và tổ chức đời sống xã hội.

محفوظ في:
التفاصيل البيبلوغرافية
المؤلف الرئيسي: Phạm, Nhân Thành
التنسيق: كتاب
اللغة:Undetermined
منشور في: Hà Nội Dân trí 2011
الموضوعات:
الوسوم: إضافة وسم
لا توجد وسوم, كن أول من يضع وسما على هذه التسجيلة!
Thư viện lưu trữ: Trung tâm Học liệu Trường Đại học Cần Thơ
LEADER 00828nam a2200205Ia 4500
001 CTU_170601
008 210402s9999 xx 000 0 und d
082 |a 398.09597 
082 |b Th107 
100 |a Phạm, Nhân Thành 
245 0 |a Văn hóa các dân tộc ít người ở Việt Nam 
245 0 |c Phạm Nhân Thành 
260 |a Hà Nội 
260 |b Dân trí 
260 |c 2011 
520 |a Sách giới thiệu sơ lược về lịch sử tộc người, các biểu hiện chủ yếu trong văn hóa vật chất, tinh thần và tổ chức đời sống xã hội. 
650 |a Folklore,Văn hóa dân gian 
650 |z Vietnam,Việt Nam 
904 |i Trọng Hải 
980 |a Trung tâm Học liệu Trường Đại học Cần Thơ